000
00251nam a2200097Ia 4500
008
190216s9999||||xx |||||||||||||| ||und||
100
_a
Navar Singh
245
0
_a
Hindi-Adhunik Sahithya Ki Pravarthiyam
260
_b
Mac Millian And Com. Ltd
942
_c
BK
999
_c
15227
_d
15227